000
00220nam a2200109 4500
020
_a
9798176933376
082
_a
400
245
_a
The Monkey and the Crocodile
260
_b
Kiddz Bookz
300
_a
16p
942
_2
ddc
_c
ST
999
_c
1230
_d
1230